00491 a2200181 450000100060000002000150000604000240002110000210004524000290006624500240009530000070011936200090012644000130013565000310014894200070017995201060018699900170029269746 a8535614931 cAnchieta - Itaigara aGonzaga, Agnaldo10aA páscoa de Jesuslpor10aA páscoa de Jesus a700 a2005 1aPaulinas 4aLiteratura infanto-juvenil cBK 00104070a88.1b88.1d2023-11-21l0o028.5 GON PÁSp2426/ITAr2023-11-21 20:04:26w2023-11-21yBK c69746d69746